|
|
|
|
| LEADER |
02223nam a2200601 i 4500 |
| 001 |
nkc20193065486 |
| 003 |
CZ PrNK |
| 005 |
20190226091715.0 |
| 007 |
ta |
| 008 |
190103t20182018xr a f 000 0 cze |
| 015 |
|
|
|a cnb003065486
|
| 020 |
|
|
|a 978-80-7560-189-6
|q (brožováno)
|
| 035 |
|
|
|a (OCoLC)1089710045
|
| 040 |
|
|
|a BOA001
|b cze
|e rda
|
| 041 |
0 |
|
|a cze
|b eng
|
| 072 |
|
7 |
|a 656
|x Doprava
|2 Konspekt
|9 4
|
| 080 |
|
|
|a 656.025.2
|2 MRF
|
| 080 |
|
|
|a 656.121
|2 MRF
|
| 080 |
|
|
|a 656.025.2:911.375.635
|2 MRF
|
| 080 |
|
|
|a 656:353.2
|2 MRF
|
| 080 |
|
|
|a 656.022
|2 MRF
|
| 080 |
|
|
|a (048.8)
|2 MRF
|
| 100 |
1 |
|
|a Drdla, Pavel,
|d 1972-
|7 mzk2005318069
|4 aut
|
| 245 |
1 |
0 |
|a Osobní doprava regionálního a nadregionálního významu /
|c Pavel Drdla
|
| 250 |
|
|
|a Vydání: 2. upravené
|
| 264 |
|
1 |
|a Pardubice :
|b Univerzita Pardubice, Dopravní fakulta Jana Pernera,
|c [2018]
|
| 264 |
|
4 |
|c ©2018
|
| 300 |
|
|
|a 414 stran :
|b ilustrace (některé barevné) ;
|c 29 cm
|
| 336 |
|
|
|a text
|b txt
|2 rdacontent
|
| 337 |
|
|
|a bez média
|b n
|2 rdamedia
|
| 338 |
|
|
|a svazek
|b nc
|2 rdacarrier
|
| 500 |
|
|
|a 100 výtisků
|
| 504 |
|
|
|a Obsahuje bibliografii
|
| 546 |
|
|
|a Anglické resumé
|
| 650 |
0 |
7 |
|a osobní doprava
|7 ph123838
|2 czenas
|
| 650 |
0 |
7 |
|a městská hromadná doprava
|7 ph115400
|2 czenas
|
| 650 |
0 |
7 |
|a příměstská doprava
|7 ph593651
|2 czenas
|
| 650 |
0 |
7 |
|a regionální doprava
|7 ph125074
|2 czenas
|
| 650 |
0 |
7 |
|a integrované dopravní systémy
|7 ph335387
|2 czenas
|
| 650 |
0 |
9 |
|a passenger traffic
|2 eczenas
|
| 650 |
0 |
9 |
|a urban public transportation
|2 eczenas
|
| 650 |
0 |
9 |
|a suburban transportation
|2 eczenas
|
| 650 |
0 |
9 |
|a regional transportation
|2 eczenas
|
| 650 |
0 |
9 |
|a integrated transport systems
|2 eczenas
|
| 655 |
|
7 |
|a monografie
|7 fd132842
|2 czenas
|
| 655 |
|
9 |
|a monographs
|2 eczenas
|
| 910 |
2 |
|
|a BOA001
|b 4-1421.497
|
| 990 |
|
|
|a BK
|
| 995 |
|
|
|a 01
|
| 991 |
|
|
|b 201902
|c NOV
|
| 996 |
6 |
|
|b 2610769214
|c 4-1421.497
|l MZK
|r Sklad / do 1 hodiny
|n 4
|p p.v.
|w 001705396
|u 000010
|a 1
|e BOA001
|j MZK50
|s P
|
| 996 |
6 |
|
|b 2610772648
|c 4-1421.497
|l MZK
|r STM 6p
|n 0
|p kup
|h 656 DRD
|w 001705396
|u 000020
|a 0
|e BOA001
|j MZK50
|s P
|
| 996 |
7 |
|
|b 2610772649
|c 4-1421.497
|l Vol.výběr
|r VV 1p
|n 13
|p kup
|h 656 DRD
|w 001705396
|u 000030
|a 0
|e BOA001
|j MZK50
|s A
|